Principles, methods and techniques of teaching / (Record no. 3144)

MARC details
000 -LEADER
fixed length control field 00613nam a22002052 4500
001 - CONTROL NUMBER
control field 0000007042
005 - DATE AND TIME OF LATEST TRANSACTION
control field 20151217145834.0
008 - FIXED-LENGTH DATA ELEMENTS--GENERAL INFORMATION
fixed length control field 071109s xx 000 0 eng d
020 ## - INTERNATIONAL STANDARD BOOK NUMBER
International Standard Book Number 8125910565 :
Terms of availability KES 490
040 ## - CATALOGING SOURCE
Original cataloging agency KABU
Transcribing agency KABU
100 1# - MAIN ENTRY--PERSONAL NAME
Personal name Aggarwal, J. C.
-- 0000157598
245 10 - TITLE STATEMENT
Title Principles, methods and techniques of teaching /
Statement of responsibility, etc. J. C. Aggarwal.
250 ## - EDITION STATEMENT
Edition statement 2nd rev. ed.
260 ## - PUBLICATION, DISTRIBUTION, ETC. (IMPRINT)
Place of publication, distribution, etc. New Delhi :
Name of publisher, distributor, etc. Vikas,
Date of publication, distribution, etc. 2001.
300 ## - PHYSICAL DESCRIPTION
Extent 427 p.
650 #0 - SUBJECT ADDED ENTRY--TOPICAL TERM
Topical term or geographic name as entry element Teaching (Principles & practice)
-- 0000158078
908 ## - PUT COMMAND PARAMETER (RLIN)
Put command parameter 071109
950 ## - LOCAL HOLDINGS (RLIN)
-- 1
Holdings
Withdrawn status Lost status Source of classification or shelving scheme Not for loan Home library Current library Date acquired Total Checkouts Full call number Barcode Date last seen Price effective from Koha item type
    Library of Congress Classification   Kabarak, Main Campus Kabarak, Main Campus 17/12/2015   LB1025.3 .A34 2001 010979 17/12/2015 17/12/2015 General Collection
Designed with assistance from East African Informatics Ltd